000 00649nam a2200229Ia 4500
003 OSt
005 20221006164047.0
006 a|||||r|||| 00| 0
007 ta
008 221006b |||||||| |||| 00| 0 hin d
024 _a3,520
037 _cTextual
040 _aFML
_cFML
_bhin
041 _2hin
_ahin
082 _aO152, 1I64,1:g, J5
100 _aAgrawal Vasudev Sharan Tr.
_9676527
245 0 _aPadmawat
_b Malik Muhammad Jayasi
260 _aJhansi
_bSahitya Sadan India
_c1955
300 _a782
_ccm.
942 _hO152, 1I64,1:g, J5
_cTEXL
_2CC
999 _c1116125
_d1116125